000 00318 a2200133 4500
005 20250415063601.0
082 _a657 WOO
100 _aWOOD, F.
245 _aBusiness Accounting: Volume 1
250 _a3rd Ed.
260 _aLondon,
_bLongman,
_c1967.
300 _a484p.: ill.; table.
_bIndex.
_c23cm.
942 _2ddc
_cBKS
999 _c1418
_d1418